Border to Border #1 - Statistics

General Stats
  • This quiz has been taken 815 times
    534 since last reset
  • The average score is 21 of 30
Answer Stats
Starting country: Portugal % Correct
Spain A.
100%
Andorra
93%
France L.
93%
Germany C.
84%
Luxembourg G.
83%
Czech Republic P.
81%
Poland R.
81%
Russia C.
79%
China B.
77%
Bhutan
75%
India P.
72%
Pakistan A.
72%
Afghanistan T.
70%
Turkmenistan I.
70%
Iran T.
69%
Turkey G.
67%
Georgia A.
66%
Azerbaijan R.
64%
Russia U.
64%
Moldova R.
62%
Ukraine M.
62%
Bulgaria N.
61%
Romania B.
61%
Albania K.
59%
Kosovo S.
59%
North Macedonia A.
59%
Serbia M.
58%
Montenegro B.
57%
Bosnia and Herzegovina C.
55%
Croatia
55%
No matching quizzes found
Score Distribution
Percent of People with Each Score
Percentile by Number Answered
Your Score History
You have not taken this quiz since the last reset